| 000 | 00802cam a2200241 a 4500 | ||
|---|---|---|---|
| 003 | OSt | ||
| 005 | 20161216165938.0 | ||
| 008 | 010308s2001 txu 001 0 eng | ||
| 020 | _a9780155064041 | ||
| 040 |
_aDLC _cDLC _dDLC _bara |
||
| 082 | 0 | 0 |
_a808.0427 _221 _bPRM |
| 245 | 0 | 0 |
_aProse models / _c[compiled by] Gerald Levin. |
| 250 | _a11th ed. | ||
| 260 |
_aFort Worth : _bHarcourt College Publishers, _cc2001. |
||
| 300 |
_axxix, 610 p. ; _c21 cm. |
||
| 500 | _aIncludes index. | ||
| 504 | _aيشتمل علي إرجاعات ببليوجرافية. | ||
| 650 | 0 |
_aCollege readers. _957281 |
|
| 650 | 0 |
_aEnglish language _xRhetoric _vProblems, exercises, etc. _957282 |
|
| 650 | 0 |
_aReport writing _vProblems, exercises, etc. _957283 |
|
| 700 | 1 |
_aLevin, Gerald Henry, _d1929- _95049 |
|
| 942 | _cBOOK | ||
| 999 |
_c39767 _d274267 |
||